Programa : INTERàrees : formació, ocupació i inserció sociolaboral INTERàrees :
Publicado:
[Barcelona] :
Diputació de Barcelona. Àrea de Promoció Econòmica i Ocupació : Àrea d'Educació : Àrea de Benestar Social ,
2001
Descripción Física:
1 tríptic ; 21 cm
MARC
| LEADER | 00000nam a2200000Ia 4500 | ||
|---|---|---|---|
| 001 | 24317 | ||
| 008 | 160829s2001 xx 000 0 cat d | ||
| 080 | |a FU-64-132 | ||
| 245 | |a Programa : |b INTERàrees : |b formació, ocupació i inserció sociolaboral | ||
| 260 | |a [Barcelona] : |b Diputació de Barcelona. Àrea de Promoció Econòmica i Ocupació : |b Àrea d'Educació : |b Àrea de Benestar Social, |c 2001 | ||
| 300 | |a 1 tríptic ; |c 21 cm | ||
| 650 | |a Personal |x Formació |x Barcelona (Província) |9 50314 | ||
| 650 | |a Creació d'ocupació |x Barcelona (Província) |9 50315 | ||
| 710 | 1 | |a Barcelona (Catalunya : Província). |b Àrea de Promoció Econòmica i Ocupació |9 17540 | |
| 710 | 1 | |a Barcelona (Catalunya : Província). |b Àrea de Benestar Social |9 52988 | |
| 710 | |a Barcelona (Catalunya : Província). |b Àrea d'Educació |9 8009 | ||
| 901 | |a Arxiu | ||
| 942 | |n 1 | ||
| 952 | |0 0 |1 0 |4 0 |6 FU64132 |7 1 |9 55950 |a Arxiu |b Arxiu |d 2016-12-01 |l 0 |o FU-64-132 |p 24317 |r 2016-12-01 00:00:00 |w 2016-12-01 |y ARXIU | ||
| 999 | |c 59823 |d 59823 | ||